[Event "Niedersachsen-chT U12"]
[Site "Verden an der Aller"]
[Date "2009.05.22"]
[Round "3.3"]
[White "Gerdau, Niklas"]
[Black "Kragge, Jan"]
[Result "1/2-1/2"]
[WhiteElo "1065"]
[BlackElo "987"]
[PlyCount "97"]
[EventDate "2009.05.21"]
[EventType "team-tourn"]
[EventRounds "7"]
[EventCountry "GER"]
[SourceTitle "EXT 2010"]
[Source "ChessBase"]
[SourceDate "2010.11.25"]
[SourceVersion "1"]
[SourceVersionDate "2010.11.25"]
[SourceQuality "1"]
[WhiteTeam "Lueneburg Turm"]
[BlackTeam "Stade"]
[WhiteTeamCountry "GER"]
[BlackTeamCountry "GER"]

1. d4 d5 2. c4 e6 3. Nc3 f5 4. e3 Nf6 5. Nf3 Be7 6. Bd2 0-0 7. Qb3 dxc4 8. Bxc4 Kh8 9. Ng5 Nc6 10. Bxe6 Na5 11. Qb5 c6 12. Qd3 Bxe6 13. Nxe6 Qc8 14. Nxf8 Qxf8 15. Qxf5 Nc4 16. Qc2 Ng4 17. Rf1 Nxh2 18. Rh1 Bh4 19. g3 Nf3+ 20. Kd1 Ncxd2 21. Rxh4 Nxh4 22. Qxd2 Nf3 23. Qe2 Re8 24. Qd3 Ng5 25. f4 Ne6 26. Kc2 b5 27. Rh1 h6 28. g4 c5 29. g5 cxd4 30. gxh6 gxh6 31. Qg6 Qg7 32. Rxh6+ Kg8 33. Qxe8+ Nf8 34. Rg6 Qxg6+ 35. Qxg6+ Nxg6 36. exd4 Nxf4 37. Nxb5 Ne6 38. Nxa7 Nxd4+ 39. Kd3 Ne6 40. b4 Kf7 41. Nc6 Ke8 42. Kc4 Kd7 43. b5 Kc7 44. a4 Kb6 45. a5+ Kb7 46. a6+ Kb6 47. a7 Nc7 48. Kb4 Nd5+ 49. Kc4 1/2-1/2

[Event "Niedersachsen-ch U12"]
[Site "Rotenburg"]
[Date "2009.04.05"]
[Round "3"]
[White "Oehne, Timo"]
[Black "Gerdau, Niklas"]
[Result "1-0"]
[WhiteElo "1408"]
[BlackElo "1077"]
[PlyCount "55"]
[EventDate "2009.04.04"]
[EventType "swiss"]
[EventRounds "11"]
[EventCountry "GER"]
[SourceTitle "EXT 2010"]
[Source "ChessBase"]
[SourceDate "2010.11.25"]
[SourceVersion "1"]
[SourceVersionDate "2010.11.25"]
[SourceQuality "1"]

1. d4 f5 2. c3 Nf6 3. Nf3 e6 4. Bg5 Be7 5. Nbd2 d6 6. Qc2 Nc6 7. Bf4 0-0 8. e3 Bd7 9. Bd3 g6 10. Bh6 Rf7 11. Ng5 Ng4 12. Nxf7 Kxf7 13. Bf4 Qf8 14. h3 Nf6 15. Nf3 Qg7 16. e4 fxe4 17. Bxe4 Nxe4 18. Qxe4 d5 19. Qe3 Bd6 20. Bxd6 cxd6 21. Qf4+ Ke7 22. 0-0-0 Rf8 23. Qg5+ Ke8 24. Rhe1 Rf5 25. Qg3 Qe7 26. Re2 e5 27. dxe5 dxe5 28. Rxd5 1-0